Dòng sông ly biệt /

Sự trả thù liệu có mang đến cho con người sự sung sướng, niềm vui và hạnh phúc ? Cuộc sống chỉ có giàu sang vật chất sẽ mang lại cho con người sự đủ đầy và những nụ cười trên môi? Cuốn sách sẽ trả lời các câu hỏi trên.

Na minha lista:
Detalhes bibliográficos
Autor principal: Quỳnh Dao.
Outros Autores: Liêu Quốc Nhĩ (dịch.)
Formato: Livro
Idioma:Vietnamese
Chinese
Publicado em: Hà Nội : Hội nhà văn, 1999.
Assuntos:
Tags: Adicionar Tag
Sem tags, seja o primeiro a adicionar uma tag!
Thư viện lưu trữ: Mạng thư viện Đại học Đà Nẵng
LEADER 01220cam a2200361 i 4500
001 000046783
003 6291
005 20030911094614.0
008 010306b1999 vm 000 vie
020 |c 34000 
040 |a IRC  |c IRC  |d IRC 
041 1 |a vie  |h chi 
082 1 4 |a 895.105  |b QU-D 
100 1 |a Quỳnh Dao. 
245 0 0 |a Dòng sông ly biệt /  |c Quỳnh Dao ; Liêu Quốc Nhĩ dịch. 
260 |a Hà Nội :  |b Hội nhà văn,  |c 1999. 
300 |a 399tr. ;  |c 19cm. 
520 3 |a Sự trả thù liệu có mang đến cho con người sự sung sướng, niềm vui và hạnh phúc ? Cuộc sống chỉ có giàu sang vật chất sẽ mang lại cho con người sự đủ đầy và những nụ cười trên môi? Cuốn sách sẽ trả lời các câu hỏi trên. 
630 0 4 |a Văn học Trung Quốc. 
630 0 4 |a Tiểu thuyết. 
630 0 4 |a Quỳnh Dao. 
650 0 4 |a Tiểu thuyết Trung Quốc. 
700 1 |a Liêu Quốc Nhĩ,  |e dịch. 
OWN |a DUT 
999 |a From the UDN01 
TYP |a Monograph 
TYP |a Printed language 
980 |a Mạng thư viện Đại học Đà Nẵng